| 000 | 00426nam a2200181Ia 4500 | ||
|---|---|---|---|
| 008 | 170918s9999 xx 000 0 und d | ||
| 020 | _a9781416968290 | ||
| 050 | _bH233 2009 | ||
| 100 | _aHan, Jenny | ||
| 245 | 4 | _aThe summer I turned pretty / | |
| 245 | _cby Jenny Han. | ||
| 260 | _aNew York : | ||
| 260 | _bScholastic, | ||
| 260 | _c2009 | ||
| 300 | _a276 pages : | ||
| 300 | _billustrations ; | ||
| 300 | _c21cm. | ||
| 999 |
_c344283 _d344283 |
||